00386nam a22001457a 4500003000500000020000800005038001100013082001500024100001600039245003600055260006500091300001300156880003200169880003900201NUST qP/B awaseem a823.7bAST aAston, Jean aShaoore aur Ehsas /cJean Aston aNew Delhi :bQumi Council bray Farooogh-e-Urdu Zuban,c2006. a309 p. ; 6100-01\raجین آسٹن 6245-02\raشعور و احساس /